00897cam a22002774i 4500003000900000005001700009008004100026020001500067035002700082040003300109082002100142100002900163245006500192264006200257300006600319336002100385337002500406338002300431505006000454526000900514526000900523526000800532526000800540526000800548650006300556PE-LiUPU20250731183415.0150623s r 000 0 d a0849981697 a(Sirsi) i9780849981692 aPE-LiUPUbspacPE-LiUPUerda04a794.019bB392211 aBerry, Joy Wilt,eautor.10aSo what's wrong with playing video games? /cJoy Wilt Berry. 1aWaco, Texas :bWord Educational Products Division,c1982. a48 páginas :bilustraciones, gráficos ;c21 centímetros atext2rdacontent aunmediated2rdamedia avolume2rdacarrier0 aSo what's wrong with playing video games?. Historietas. aP158 aP146 aP17 aP12 aP0604aVideo juegosxAspectos psicológicosvLiteratura juvenil.